| 000 | 01635nab a2200229 a 4500 | ||
|---|---|---|---|
| 005 | 20241114063742.0 | ||
| 008 | 991125c2017 sp ar p o 000 0 spa d | ||
| 035 | _aUPN01000227640 | ||
| 040 |
_aUPN _bspa _cUPN _eaacr2 |
||
| 049 | _aART-E | ||
| 100 | 1 |
_aNaranjo Curbelo, María Auxiliadora _6- fuentedevida_@hotmail.com |
|
| 245 | 1 | 0 |
_aDesarrollo comunitario versus salud mental: La figura del educador/a social _h[recurso electrónico en línea] |
| 506 | 0 | _aAcceso abierto | |
| 520 | 3 | _aDesde, una perspectiva de viaje al futuro este trabajo es una propuesta para destacar la importancia del desarrollo comunitario en el área de salud mental como garantía de bienestar personal y social. Y en vías de estos logros y desde una necesidad imperante en las intervenciones socioeducativas y sociosanitarias, es fundamental visibilizar la figura del Educador/a Social, como un profesional que desde una postura crítica y constructiva colabora dentro de un equipo multidisciplinar. Al mismo tiempo, en un marco teórico y práctico presentamos los diferentes conceptos que proponen en sus líneas de actuación la OMS, el Plan de Salud Mental del Sistema Nacional y el Plan de Salud de Canarias, además de una variedad de autores, que en esta materia y desde este nuevo paradigma tienen algo que aportar | |
| 650 | 4 |
_aSalud mental _922888 |
|
| 653 | 0 | _aDesarrollo comunitario | |
| 653 | 0 | _aEducador social | |
| 773 |
_gNo. 10 (2017), p. 45-54 _tIntervención psicoeducativa en la desadaptación social _x2013-2352 |
||
| 856 | 4 | _uhttp://ipseds.ulpgc.es/IPSE-ds-Vol_10_2017/IPSE-ds-10.pdf | |
| 905 | _aArticulo | ||
| 942 | _cART-E | ||
| 999 |
_c199735 _d199735 |
||